000 00614nam a22002417a 4500
003 UA-OsUOA
001 30304
007 ta
008 20041109b un ||||| |||| 00| 0 ukr d
100 _aЛистова Н.
090 _a929:7882
_bЛ63
942 _cBK
040 _aUA-OsUOA
_brus
_cUA-OsUOA
_dUA-OsUOA
245 _aАлександр Варламов
_bЕго жихнь и творчество
300 _a268 с.
_bІлюстрації
955 _a0
041 _arus
080 _a929:7882
260 _aМосква
_bМузыка
_c1968
044 _aRU
650 7 _2UDC
999 _c316714
_d316714